000 00670nam a2200193 a 4500
001 000034929
005 20200930074007.0
008 111021s1971 sp 000 0 spa d
040 _aDO-SdBNP
_bspa
_cBNPHU
082 _axxxx
_bxxxx
100 1 _aCortazar, Julio
_922782
245 1 3 _aLa isla a mediodia y otros relatos /
_cJulio Cortazar.
260 _aEspaña :
_bSalvat,
_c1971.
300 _a197 p. ;
_c19 cm.
490 1 _aBiblioteca básica salvat de libros rtv
_v94
590 _aPerteneció a la biblioteca personal de Juan Isidro Jimenes Grullón.
700 1 _aMatute, Ana María
_epról.
_917559
830 0 _aBiblioteca básica salvat de libros rtv
_n94
_960496
999 _c34420
_d34420